[Event "29th CRO-chT Junior 2020"]
[Site "Cakovec"]
[Date "2020.07.14"]
[Round "1.1"]
[White "Jambresic, Filip"]
[Black "Levacic, Matej"]
[Result "0-1"]
[WhiteElo "2082"]
[BlackElo "2040"]
[Annotator "TA"]
[PlyCount "58"]
[EventDate "2020.07.14"]
[EventType "team-tourn"]
[EventCountry "CRO"]
[SourceTitle "playchess.com"]
[Source "ChessBase"]
[SourceQuality "1"]

{[%evp 12,58,0,-17,-9,-22,-20,-39,-17,-14,-4,-22,1,0,0,0,8,-4,5,9,4,0,76,20,16,12,46,48,73,27,33,0,75,65,54,0,0,-549,-528,-614,-614,-741,-735,-732,-720,-712,-476,-809,-801]} 1. Nf3 d5 2. c4 e6 3. cxd5 exd5 4. g3 Nf6 5. Bg2 Be7 6. O-O O-O 7. d3 Re8 {A14: English Opening: 1...e6 with b3 by White.} 8. a3 c6 {[#]} 9. Bg5 $146 ({Predecessor:} 9. b4 a5 10. bxa5 Rxa5 11. Bb2 Bd6 12. e3 Bg4 13. h3 Bxf3 14. Qxf3 Nbd7 15. Qd1 {1-0 (52) Kress,H (1758)-Lee,K (1558) Eschborn 2018}) 9... Qb6 {Black is slightly better.} 10. Qc2 h6 11. Bf4 Nbd7 {[%cal Bb8d7,Bd7c5,Bc5e6][%mdl 32]} 12. Nc3 Nc5 13. b4 Ne6 14. Be5 a5 15. b5 Ng4 16. bxc6 bxc6 {[#]} (16... Nxe5 $11 17. Nxe5 Qc7) 17. Na4 (17. Nxd5 $1 $16 {[%mdl 512]} cxd5 18. Qa4 {[%mdl 64] Double Attack}) 17... Qa7 $11 18. e3 c5 19. Rab1 {Threatens to win with Nb6.} Ba6 20. Nb6 Rad8 21. Ba1 c4 (21... Rd6 $11 {keeps the balance.}) 22. dxc4 dxc4 23. Qf5 ({White should try} 23. h3 $14 Bf6 24. Bc3 (24. hxg4 Bxa1 25. Rfc1 Bf6 $14)) 23... c3 $1 24. Qxa5 $2 {[%mdl 8192]} (24. Bxc3 $11 {and White has nothing to worry.} Bxf1 25. Bxf1) 24... c2 $19 {Black is clearly winning.} 25. Rbc1 Bc5 26. Na4 Bxf1 {[%mdl 64] Discovered Attack} 27. Qxa7 Bxa7 28. Bxf1 Rd1 29. Bb2 {[#]} (29. Rxc2 $142 Rxa1 30. h3) 29... Nxe3 $1 {[%mdl 512] Accuracy: White = 59%, Black = 79%.} 0-1

[Event "29th CRO-chT Junior 2020"]
[Site "Cakovec"]
[Date "2020.07.14"]
[Round "1.2"]
[White "Ljubicic, Mario"]
[Black "Karlusic, Luka"]
[Result "0-1"]
[WhiteElo "1966"]
[BlackElo "2159"]
[Annotator "TA"]
[PlyCount "68"]
[EventDate "2020.07.14"]
[EventType "team-tourn"]
[EventCountry "CRO"]
[SourceTitle "playchess.com"]
[Source "ChessBase"]
[SourceQuality "1"]

{[%evp 12,68,34,14,13,16,28,16,16,-4,-5,-16,-13,-10,4,-52,0,-40,0,0,0,-4,32,42,31,35,45,30,29,30,31,0,0,0,0,0,14,7,11,12,9,-50,-58,-110,-50,-263,-230,-329,-312,-322,-293,-382,-371,-1956,-1876,-2652,-2253,-29981,-29982]} 1. e4 c5 2. Nf3 e6 3. d4 cxd4 4. Nxd4 a6 5. c4 Nf6 6. Nc3 Bb4 7. f3 O-O {B41: Sicilian: Kan Variation: 5 c4.} 8. Be2 Nc6 9. Be3 d5 {The position is equal.} 10. exd5 exd5 {Black wants to play ...Qe7.} 11. Nxc6 bxc6 12. O-O Be6 {[#]} 13. Qa4 $146 (13. c5 $11) ({Predecessor:} 13. cxd5 Nxd5 14. Nxd5 Bxd5 15. Rc1 Re8 16. Bf2 Qf6 17. Bc4 Bxc4 18. Rxc4 Qxb2 19. Rc2 {1-0 (25) Tran,M-Nguyen,H Vietnam 2002}) 13... Qd6 ({Better is} 13... Qe7 $15 14. Bf2 (14. Qxc6 $2 Bf5 $19) 14... dxc4) 14. Rad1 Bc5 (14... Bxc3 $5 15. bxc3 Qe5 $17) 15. Bf2 $1 Rfd8 16. cxd5 cxd5 17. Bxc5 Qxc5+ 18. Qd4 Qa5 19. Rd2 Rab8 20. Rfd1 h6 21. Qa4 Qb6+ 22. Kf1 a5 23. Qf4 Qc5 24. a3 Rb7 25. Na4 Qe7 $40 {[%mdl 128] Black is up to no good.} 26. Rd4 (26. Rc1 $1 $11) 26... Bd7 $15 {Strongly threatening ...Bxa4.} 27. R1d2 (27. Bd3 $15) 27... Rdb8 (27... g5 $17 28. Qg3 Bxa4 29. Rxa4 Rdb8) 28. Ba6 $2 {[#] This costs White the game.} (28. Nc3 $15) 28... Bxa4 ({Worse is} 28... Re8 29. Re2 $16) 29. Bxb7 (29. Re2 $142 Qd8 30. Rxa4 Rxb2 31. Bd3) 29... Bb5+ $19 30. Kf2 Rxb7 31. Qf5 Rc7 32. a4 $2 (32. Qb1) 32... Rc1 {[%csl Gc1][%cal Re7e1] [#]} 33. Kg3 Qe1+ 34. Rf2 Bd7 {Accuracy: White = 45%, Black = 78%.} 0-1

[Event "29th CRO-chT Junior 2020"]
[Site "Cakovec"]
[Date "2020.07.14"]
[Round "1.3"]
[White "Cigrovski, Jakov"]
[Black "Mijic, Karlo"]
[Result "1-0"]
[WhiteElo "2010"]
[BlackElo "1729"]
[Annotator "TA"]
[PlyCount "101"]
[EventDate "2020.07.14"]
[EventType "team-tourn"]
[EventCountry "CRO"]
[SourceTitle "playchess.com"]
[Source "ChessBase"]
[SourceQuality "1"]

{[%evp 9,101,0,20,4,39,38,35,21,31,34,45,44,40,36,43,40,42,29,24,18,36,27,34,41,37,31,38,36,57,57,81,27,42,24,135,106,104,104,114,96,140,77,81,69,72,71,66,34,29,26,37,44,29,29,75,81,73,45,59,64,383,383,383,383,375,366,858,816,12815,12816,10783,7499,8143,7660,6251,251,29979,29980,29980,29981,29981,29982,29982,29983,29983,29984,29984,29985,29985,29986,29986,29987,29987,29988]} 1. c4 e5 2. Nc3 f5 3. e4 d6 4. d4 exd4 5. Qxd4 Nc6 6. Qe3 {A21: English Opening: 1...e5 2 Nc3.} Nf6 7. exf5+ {[#]} Qe7 $146 ({Predecessor:} 7... Be7 8. Bd3 O-O 9. Nf3 Ng4 10. Qe4 Nf6 11. Qe2 Re8 12. Be3 Nb4 13. Bb1 c5 {1-0 (33) Nachon Menendez,G-Martinez Rodriguez,E Candas 1997}) 8. Nb5 {[#] Hoping for Nxc7+.White is slightly better.} Kd8 9. Bd3 a6 10. Nc3 Qxe3+ 11. Bxe3 Ne5 12. Be2 Bxf5 13. O-O-O Nfg4 14. Bd4 {Threatens to win with h3.} Nc6 15. h3 Nxd4 16. Bxg4 Bxg4 17. hxg4 Nc6 18. f4 Be7 19. Nd5 h6 20. Nf3 (20. Ne2 $16) 20... Kd7 $1 $11 21. c5 Bd8 (21... Rad8 $11) 22. Rd2 Ke6 23. cxd6 cxd6 24. Rhd1 Ba5 25. Re2+ ({Better is} 25. Rd3) 25... Kf7 $16 26. a3 Rac8 {aiming for ...Nd4+.} 27. Kb1 Rhe8 28. Rc2 (28. Rf2 {is interesting.} Ne7 29. Nxe7 Rxe7 30. Rxd6 Bc7 31. Rd3) 28... Ne7 29. Rxc8 Rxc8 30. Nxe7 Kxe7 $11 {[%mdl 4096] Endgame KRB-KRN} 31. Nh4 Rc6 32. Nf5+ Kf6 33. Rxd6+ Rxd6 34. Nxd6 $16 {KB-KN} Ke6 $2 {[%mdl 8192] Loses the game.} ({Black should try} 34... b5 $1 $14) 35. Nxb7 $18 Bb6 36. b4 Kd5 37. Kc2 Ke4 $2 (37... Bc7 38. f5 Bb6) 38. Nc5+ Bxc5 39. bxc5 {KP-KP} Kd5 40. Kd3 a5 {[#]} 41. c6 $1 {White wants to mate with c7.} Kxc6 42. Ke4 $2 (42. Kc4 a4 43. Kb4) 42... Kd6 $2 (42... Kb5 $18 43. Kf5 Ka4) 43. Kf5 {White mates.} Ke7 44. Kg6 Kf8 45. a4 Kg8 46. f5 Kf8 47. f6 gxf6 48. Kxf6 Kg8 49. Kg6 Kf8 50. Kxh6 Kf7 51. g5 {Accuracy: White = 81%, Black = 62%.} 1-0

[Event "29th CRO-chT Junior 2020"]
[Site "Cakovec"]
[Date "2020.07.14"]
[Round "1.4"]
[White "Bedic, Noemi"]
[Black "Novosel, Lovro"]
[Result "0-1"]
[WhiteElo "1712"]
[BlackElo "1699"]
[Annotator "NA RC"]
[PlyCount "66"]
[EventDate "2020.07.14"]
[EventType "team-tourn"]
[EventCountry "CRO"]
[SourceTitle "playchess.com"]
[Source "ChessBase"]
[SourceQuality "1"]
[TimeControl "5400+30"]

1. e4 {[%emt 0:00:30]} g6 {[%emt 0:00:30]} 2. d4 {[%emt 0:00:30]} Bg7 {[%emt 0:00:30]} 3. Nc3 {[%emt 0:00:30]} c5 {[%emt 0:01:30]} 4. Nf3 {[%emt 0:02:30]} cxd4 {[%emt 0:01:30]} 5. Nxd4 {[%emt 0:00:30]} Nc6 {[%emt 0:00:00]} 6. Be3 {[%emt 0:00:30]} Nf6 {[%emt 0:03:00]} 7. f3 {[%emt 0:03:30]} d5 {[%emt 0:02:30]} 8. Bb5 {[%emt 0:05:30]} Bd7 {[%emt 0:03:30]} 9. exd5 {[%emt 0:08:30]} Nxd4 {[%emt 0:00:30]} 10. Bxd4 {[%emt 0:02:30]} Bxb5 {[%emt 0:03:30]} 11. Nxb5 {[%emt 0:00:30]} O-O {[%emt 0:00:30]} 12. c4 {[%emt 0:02:30]} a6 {[%emt 0:03:30]} 13. Nc3 {[%emt 0:01:30]} b5 {[%emt 0:00:30]} 14. cxb5 {[%emt 0:11:30]} axb5 {[%emt 0:00:30]} 15. Nxb5 {[%emt 0:02:30]} Qxd5 {[%emt 0:00:30]} 16. Nc3 {[%emt 0:03:30]} Qc4 {[%emt 0:02:30]} 17. b3 {[%emt 0:04:30]} Qc7 {[%emt 0:01:30]} 18. Ne2 {[%emt 0:13:30]} Rfd8 {[%emt 0:00:30]} 19. Qb1 {[%emt 0:01:30]} Rxd4 {[%emt 0:02:30]} 20. Nxd4 {[%emt 0:01:30]} Qc3+ {[%emt 0:01:30]} 21. Ke2 {[%emt 0:00:30]} Qxd4 {[%emt 0:00:00]} 22. Rd1 {[%emt 0:03:30]} Qe5+ {[%emt 0:00:00]} 23. Kf1 {[%emt 0:01:30]} Nd5 {[%emt 0:01:30]} 24. Rc1 {[%emt 0:06:30]} Ne3+ {[%emt 0:01:30]} 25. Kg1 {[%emt 0:01:30]} Qd4 {[%emt 0:00:30]} 26. Kh1 {[%emt 0:00:30]} Qd2 {[%emt 0:00:00]} 27. Rg1 {[%emt 0:00:30]} Bxa1 {[%emt 0:03:00]} 28. Qxa1 {[%emt 0:00:00]} Qxa2 {[%emt 0:00:00]} 29. Qc3 {[%emt 0:02:31]} Nd5 {[%emt 0:00:00]} 30. Qc6 {[%emt 0:00:32]} e6 {[%emt 0:00:00]} 31. Rc1 {[%emt 0:00:40]} Rb8 {[%emt 0:00:00]} 32. Qd7 {[%emt 0:02:04]} Qxb3 {[%emt 0:00:30]} 33. f4 {[%emt 0:00:48]} Qe3 {[%emt 0:01:30]} 0-1

[Event "29th CRO-chT Junior 2020"]
[Site "Cakovec"]
[Date "2020.07.14"]
[Round "1.5"]
[White "Cotic, Borna"]
[Black "Tomulic, Teo"]
[Result "0-1"]
[WhiteElo "2049"]
[BlackElo "2359"]
[Annotator "TA"]
[PlyCount "60"]
[EventDate "2020.07.14"]
[EventType "team-tourn"]
[EventCountry "CRO"]
[SourceTitle "playchess.com"]
[Source "ChessBase"]
[SourceQuality "1"]

{[%evp 9,60,22,35,27,49,54,51,34,35,35,25,12,37,0,0,0,0,-3,-3,-4,-3,-16,0,0,0,-1,-8,-12,0,-20,-19,-56,-54,-54,-61,-63,-42,-51,11,-25,0,0,0,0,5,5,104,35,31,-569,-560,-1884,-1745]} 1. e4 c5 2. Nf3 d6 3. Bb5+ Nd7 4. O-O a6 5. Bd3 b5 6. c4 {B51: Sicilian: Moscow Variation (3 Bb5+) without 3...Bd7.} Ne5 7. Nxe5 dxe5 8. Qe2 {White is slightly better.} b4 $1 9. Bc2 e6 {[#]} 10. d3 $146 ({Predecessor:} 10. Qh5 Bd6 11. Ba4+ Bd7 12. Bxd7+ Qxd7 13. d3 Nf6 14. Qe2 Qc7 15. Bg5 Nd7 16. Nd2 {½-½ (43) Buchenau,F (2268)-Oliva Castaneda,K (2493) Sitges 2016}) 10... Bd6 11. Ba4+ Bd7 12. Bxd7+ Qxd7 13. a3 Ne7 14. axb4 cxb4 15. Be3 Nc6 16. Nd2 O-O 17. c5 Bc7 18. Nc4 a5 19. b3 Nd4 20. Bxd4 Qxd4 21. Qe3 Qc3 $1 22. Rab1 Rad8 23. Rfd1 f5 ({Black should play} 23... Rd4 $1 $15) 24. Qe2 Rd4 25. exf5 exf5 26. Qf3 Rfd8 {[%cal Rd4d3]} 27. Qxf5 e4 (27... Rxd3 $11 {remains equal.} 28. Qe6+ Kh8) 28. Re1 ({White should try} 28. Qe6+ $16 Kh8 29. Qe7) 28... Qxd3 $14 29. Ne5 $2 {[%mdl 8192]} (29. Qg4 $14 {keeps the upper hand.}) 29... Bxe5 $1 $19 30. Qxe5 {[#]} Qxb1 $1 {[%mdl 512] Accuracy: White = 62%, Black = 79%.} 0-1

[Event "29th CRO-chT Junior 2020"]
[Site "Cakovec"]
[Date "2020.07.14"]
[Round "1.6"]
[White "Radenic, Filip"]
[Black "Simunic, Krunoslav"]
[Result "1-0"]
[WhiteElo "2134"]
[BlackElo "2047"]
[Annotator "TA"]
[PlyCount "75"]
[EventDate "2020.07.14"]
[EventType "team-tourn"]
[EventCountry "CRO"]
[SourceTitle "playchess.com"]
[Source "ChessBase"]
[SourceQuality "1"]

{[%evp 24,75,26,18,45,39,39,45,46,37,37,42,40,21,59,59,66,47,81,43,82,-157,-158,-136,0,0,0,0,110,0,0,0,99,0,0,-219,-199,-466,0,0,0,0,0,0,0,-58,0,-142,0,0,292,277,6030,6002]} 1. d4 e6 2. e4 d5 3. Nd2 c5 4. Ngf3 Nf6 5. exd5 Qxd5 6. Bc4 Qd7 7. O-O cxd4 8. Nb3 Nc6 9. Nbxd4 Nxd4 10. Nxd4 a6 11. Re1 Qc7 12. Qe2 Be7 13. Bg5 h6 {C07: French Tarrasch: 3...c5, 4 Ngf3 and 4 exd5 Qxd5.} 14. Bh4 O-O 15. Rad1 {[#]} Bd7 $146 {White is slightly better.} ({Predecessor:} 15... Re8 16. Bb3 Bd7 17. Nf3 Rad8 18. Ne5 Bc8 19. f4 Rxd1 20. Rxd1 Nd5 21. Bg3 Bc5+ 22. Kh1 Ne3 {½-½ (28) Nagy,G (2481)-Nguyen,V (2352) Budapest 2018}) 16. Bb3 Rad8 17. c3 Rfe8 18. Bg3 Qb6 19. Be5 Bc6 20. Bc2 Kf8 21. Bb1 Nd5 22. Bxg7+ $2 (22. Qd3 $16 {keeps the pressure on. Bxg7+! would kill now.} Nf6 23. b3) 22... Kxg7 $17 23. Qg4+ Bg5 (23... Kf8 $1 $17 24. c4 Bb4) 24. h4 $11 {[%mdl 64] Pin} Nf6 25. Qg3 {[%mdl 64] Pin} Nh5 (25... Rd5 $1 $11 {keeps the balance.}) 26. Qg4 {[%mdl 1088] Pin. White has strong compensation.} Nf6 27. Qg3 {[%mdl 64] Pin} Nh5 28. Qd3 (28. Qe5+ $16 Bf6 29. Qxh5) 28... Bf4 29. Qh7+ $2 (29. Rxe6 $1 $11 {and White is okay.} fxe6 30. Qh7+ Kf6 31. Qg6+ {[%mdl 64] Double Attack} Ke7 32. Qxe6+ Kf8 33. Qf5+ {[%mdl 64] Double Attack} Kg8 34. Qh7+ Kf8 35. Qf5+ Kg8 36. Qh7+ Kf8 37. Qf5+) 29... Kf6 $19 30. g4 $2 ({Don't go for} 30. g3 $2 Rg8 $19) (30. Nxc6 {is a better defense.} Qxc6 31. g3) 30... Rh8 $2 (30... Rg8 $1 $19 {[%cal Rg8g4]} 31. Nxc6 Rxg4+ {[%mdl 64] Double Attack} 32. Kf1 bxc6 33. Rxd8 Qxd8) 31. Rxe6+ $11 fxe6 32. Qg6+ {[%mdl 64] Double Attack} Ke7 33. Qxe6+ $40 {[%mdl 128] White has some attack.} Kf8 {White must now prevent ...Rd6.} 34. Bg6 {[#]} ({White should play} 34. gxh5 $11 Rg8+ 35. Bg6) 34... Qc7 ({Better is} 34... Bh2+ $1 $15 35. Kxh2 Qc7+ 36. Kg1 Nf4) 35. Bxh5 {[#]} (35. Qf5+ $11 {was the only way to keep the balance.} Kg8 36. Qe6+ Kf8 37. Qf5+ {[%mdl 64] Double Attack} Kg8 38. Qe6+ Kf8) 35... Bh2+ (35... Rh7 $1 $17 {Hoping for ...Re7.} 36. Re1 Qd6 37. Qxd6+ Bxd6 38. Ne6+ Ke7 39. Ng5+ Kf8 40. Ne6+ Ke7 41. Ng5+ Kf6 42. Re6+ Kg7) 36. Kf1 {Qf5+ is the strong threat.} Bb5+ $2 {[%mdl 8192]} (36... Rh7 $11 37. Qf6+ Kg8 38. Qe6+ {[#]} Rf7 $1 {[%mdl 512]}) 37. Kg2 $18 {White wants to mate with Qf5+.} Qf4 $2 ({Avoid the trap} 37... Bc6+ $2 38. Nxc6 Qxc6+ 39. Qxc6 $18) (37... Rd6) 38. Nf5 {Both players deserved the win here. Accuracy: White = 65%, Black = 37%.} 1-0

[Event "29th CRO-chT Junior 2020"]
[Site "Cakovec"]
[Date "2020.07.14"]
[Round "1.7"]
[White "Baric, Marko"]
[Black "Troselj, Ivan"]
[Result "0-1"]
[WhiteElo "1831"]
[BlackElo "1857"]
[Annotator "NA RC"]
[PlyCount "52"]
[EventDate "2020.07.14"]
[EventType "team-tourn"]
[EventCountry "CRO"]
[SourceTitle "playchess.com"]
[Source "ChessBase"]
[SourceQuality "1"]
[TimeControl "5400+30"]

1. e4 {[%emt 0:00:30]} c6 {[%emt 0:00:30]} 2. d4 {[%emt 0:00:00]} d5 {[%emt 0:00:00]} 3. e5 {[%emt 0:00:00]} c5 {[%emt 0:00:00]} 4. dxc5 {[%emt 0:00:30]} Nc6 {[%emt 0:00:30]} 5. Nf3 {[%emt 0:00:30]} Bg4 {[%emt 0:02:30]} 6. c3 {[%emt 0:01:30]} e6 {[%emt 0:01:30]} 7. Be3 {[%emt 0:07:30]} Bxf3 {[%emt 0:04:30]} 8. Qxf3 {[%emt 0:08:30]} Nxe5 {[%emt 0:01:30]} 9. Bb5+ {[%emt 0:00:30]} Nc6 {[%emt 0:01:30]} 10. Nd2 {[%emt 0:06:30]} Nf6 {[%emt 0:02:30]} 11. b4 {[%emt 0:08:30]} Be7 {[%emt 0:02:30]} 12. O-O {[%emt 0:01:30]} O-O {[%emt 0:00:00]} 13. Bxc6 {[%emt 0:07:30]} bxc6 {[%emt 0:00:00]} 14. c4 {[%emt 0:11:30]} a5 {[%emt 0:02:30]} 15. a3 {[%emt 0:05:30]} Qd7 {[%emt 0:05:30]} 16. Bf4 {[%emt 0:01:30]} axb4 {[%emt 0:08:30]} 17. axb4 {[%emt 0:01:30]} Qb7 {[%emt 0:00:30]} 18. Rxa8 {[%emt 0:18:26]} Rxa8 {[%emt 0:00:30]} 19. Rb1 {[%emt 0:01:04]} dxc4 {[%emt 0:01:30]} 20. Bg5 {[%emt 0:08:52]} c3 {[%emt 0:08:30]} 21. Bxf6 {[%emt 0:01:25]} Bxf6 {[%emt 0:00:30]} 22. Ne4 {[%emt 0:01:57]} Qxb4 {[%emt 0:00:30]} 23. Nxf6+ {[%emt 0:02:41]} gxf6 {[%emt 0:00:30]} 24. Qg3+ {[%emt 0:02:10]} Kh8 {[%emt 0:00:00]} 25. Rc1 {[%emt 0:01:53]} Qb2 {[%emt 0:00:00]} 26. Qf4 {[%emt 0:00:19]} c2 {[%emt 0:00:30]} 0-1

[Event "29th CRO-chT Junior 2020"]
[Site "Cakovec"]
[Date "2020.07.14"]
[Round "1.8"]
[White "Zekic, Patrik"]
[Black "Cecic-Sule, Dino"]
[Result "0-1"]
[WhiteElo "1699"]
[BlackElo "1695"]
[Annotator "NA RC"]
[PlyCount "78"]
[EventDate "2020.07.14"]
[EventType "team-tourn"]
[EventCountry "CRO"]
[SourceTitle "playchess.com"]
[Source "ChessBase"]
[SourceQuality "1"]
[TimeControl "5400+30"]

1. d4 {[%emt 0:00:30]} d5 {[%emt 0:00:30]} 2. c4 {[%emt 0:00:30]} e6 {[%emt 0:00:30]} 3. Nc3 {[%emt 0:00:30]} Nf6 {[%emt 0:00:00]} 4. cxd5 {[%emt 0:00:00]} exd5 {[%emt 0:00:00]} 5. Bg5 {[%emt 0:00:00]} c6 {[%emt 0:00:30]} 6. e3 {[%emt 0:01:30]} Bf5 {[%emt 0:00:30]} 7. Qf3 {[%emt 0:00:30]} Bg6 {[%emt 0:10:30]} 8. Bxf6 {[%emt 0:02:30]} Qxf6 {[%emt 0:02:30]} 9. Qxf6 {[%emt 0:01:30]} gxf6 {[%emt 0:00:00]} 10. Nge2 {[%emt 0:11:30]} Bd6 {[%emt 0:03:00]} 11. a3 {[%emt 0:01:30]} a5 {[%emt 0:01:30]} 12. f3 {[%emt 0:19:30]} O-O {[%emt 0:21:30]} 13. Kf2 {[%emt 0:03:30]} Re8 {[%emt 0:11:30]} 14. g4 {[%emt 0:16:30]} Nd7 {[%emt 0:06:30]} 15. Ng3 {[%emt 0:02:30]} b5 {[%emt 0:03:30]} 16. f4 {[%emt 0:16:40]} b4 {[%emt 0:06:30]} 17. Nce2 {[%emt 0:18:48]} Bd3 {[%emt 0:00:30]} 18. Nf5 {[%emt 0:00:25]} Bxf5 {[%emt 0:09:30]} 19. gxf5 {[%emt 0:00:02]} bxa3 {[%emt 0:01:00]} 20. bxa3 {[%emt 0:00:07]} Rab8 {[%emt 0:00:10]} 21. Rg1+ {[%emt 0:01:04]} Kh8 {[%emt 0:00:20]} 22. Rg3 {[%emt 0:00:00]} Rb3 {[%emt 0:00:41]} 23. a4 {[%emt 0:00:04]} c5 {[%emt 0:00:19]} 24. Bg2 {[%emt 0:00:33]} Nb6 {[%emt 0:01:51]} 25. dxc5 {[%emt 0:01:36]} Bxc5 {[%emt 0:00:46]} 26. Nd4 {[%emt 0:00:08]} Rb2+ {[%emt 0:01:15]} 27. Ne2 {[%emt 0:00:27]} d4 {[%emt 0:06:24]} 28. Kf1 {[%emt 0:00:56]} dxe3 {[%emt 0:05:53]} 29. Rd1 {[%emt 0:00:20]} Rd2 {[%emt 0:01:07]} 30. Rc1 {[%emt 0:00:47]} Red8 {[%emt 0:00:52]} 31. Nc3 {[%emt 0:00:12]} e2+ {[%emt 0:01:28]} 32. Ke1 {[%emt 0:00:20]} Bb4 {[%emt 0:03:51]} 33. Bf3 {[%emt 0:01:26]} Nc4 {[%emt 0:00:54]} 34. Nd5 {[%emt 0:00:04]} R2xd5+ {[%emt 0:00:12]} 35. Kxe2 {[%emt 0:00:13]} Rd2+ {[%emt 0:00:10]} 36. Kf1 {[%emt 0:00:10]} Ne3+ {[%emt 0:00:22]} 37. Kg1 {[%emt 0:00:10]} Rc2 {[%emt 0:00:03]} 38. Rxc2 {[%emt 0:00:44]} Nxc2 {[%emt 0:00:30]} 39. Bh5 {[%emt 0:00:30]} Rg8 {[%emt 0:00:30]} 0-1

[Event "29th CRO-chT Junior 2020"]
[Site "Cakovec"]
[Date "2020.07.14"]
[Round "1.9"]
[White "Topalic, Fran"]
[Black "Karlovcec, David"]
[Result "1/2-1/2"]
[WhiteElo "1741"]
[BlackElo "1655"]
[Annotator "NA RC"]
[PlyCount "55"]
[EventDate "2020.07.14"]
[EventType "team-tourn"]
[EventCountry "CRO"]
[SourceTitle "playchess.com"]
[Source "ChessBase"]
[SourceQuality "1"]
[TimeControl "5400+30"]

1. e4 {[%emt 0:00:30]} c5 {[%emt 0:00:30]} 2. Nf3 {[%emt 0:00:00]} d6 {[%emt 0:00:00]} 3. d4 {[%emt 0:00:00]} cxd4 {[%emt 0:00:00]} 4. Nxd4 {[%emt 0:00:00]} Nf6 {[%emt 0:00:30]} 5. Nc3 {[%emt 0:00:00]} a6 {[%emt 0:01:30]} 6. Be2 {[%emt 0:00:30]} e5 {[%emt 0:00:30]} 7. Nb3 {[%emt 0:01:30]} Be7 {[%emt 0:01:30]} 8. O-O {[%emt 0:00:00]} O-O {[%emt 0:00:00]} 9. Be3 {[%emt 0:01:00]} Be6 {[%emt 0:02:00]} 10. f3 {[%emt 0:01:30]} d5 {[%emt 0:01:30]} 11. exd5 {[%emt 0:00:30]} Nxd5 {[%emt 0:00:30]} 12. Nxd5 {[%emt 0:00:30]} Bxd5 {[%emt 0:00:30]} 13. c4 {[%emt 0:00:30]} Be6 {[%emt 0:00:30]} 14. Qxd8 {[%emt 0:01:30]} Rxd8 {[%emt 0:00:00]} 15. Nc5 {[%emt 0:00:30]} Bxc5 {[%emt 0:05:00]} 16. Bxc5 {[%emt 0:00:00]} Rd2 {[%emt 0:00:30]} 17. Rfd1 {[%emt 0:00:00]} Rxd1+ {[%emt 0:00:30]} 18. Rxd1 {[%emt 0:00:30]} Nc6 {[%emt 0:00:30]} 19. b3 {[%emt 0:00:30]} f6 {[%emt 0:04:30]} 20. Rd6 {[%emt 0:04:30]} Kf7 {[%emt 0:02:30]} 21. Bd3 {[%emt 0:01:30]} f5 {[%emt 0:04:30]} 22. g4 {[%emt 0:00:30]} g6 {[%emt 0:03:30]} 23. h3 {[%emt 0:01:30]} a5 {[%emt 0:11:30]} 24. Be2 {[%emt 0:13:30]} Rd8 {[%emt 0:08:30]} 25. Kf2 {[%emt 0:04:30]} Rxd6 {[%emt 0:03:30]} 26. Bxd6 {[%emt 0:00:30]} Bd7 {[%emt 0:02:30]} 27. Bc7 {[%emt 0:01:30]} Ke7 {[%emt 0:07:30]} 28. Bb6 {[%emt 0:05:30]} 1/2-1/2

[Event "29th CRO-chT Junior 2020"]
[Site "Cakovec"]
[Date "2020.07.14"]
[Round "1.10"]
[White "Vidovic, Dominik"]
[Black "Matota, Dominik"]
[Result "0-1"]
[WhiteElo "1526"]
[BlackElo "1807"]
[Annotator "NA RC"]
[PlyCount "56"]
[EventDate "2020.07.14"]
[EventType "team-tourn"]
[EventCountry "CRO"]
[SourceTitle "playchess.com"]
[Source "ChessBase"]
[SourceQuality "1"]
[TimeControl "5400+30"]

1. d4 {[%emt 0:00:30]} Nf6 {[%emt 0:00:30]} 2. c4 {[%emt 0:00:00]} g6 {[%emt 0:00:30]} 3. Nc3 {[%emt 0:01:00]} Bg7 {[%emt 0:00:00]} 4. e4 {[%emt 0:00:30]} d6 {[%emt 0:00:00]} 5. Nf3 {[%emt 0:00:30]} O-O {[%emt 0:00:30]} 6. Be3 {[%emt 0:01:30]} Nbd7 {[%emt 0:02:30]} 7. Be2 {[%emt 0:01:30]} e5 {[%emt 0:00:00]} 8. d5 {[%emt 0:00:30]} Nh5 {[%emt 0:02:00]} 9. g4 {[%emt 0:04:30]} Nf4 {[%emt 0:00:30]} 10. Bxf4 {[%emt 0:04:30]} exf4 {[%emt 0:00:30]} 11. Nd4 {[%emt 0:02:30]} a6 {[%emt 0:01:30]} 12. h4 {[%emt 0:04:30]} Ne5 {[%emt 0:00:30]} 13. f3 {[%emt 0:04:30]} Bf6 {[%emt 0:04:30]} 14. g5 {[%emt 0:02:30]} Bg7 {[%emt 0:00:00]} 15. Qd2 {[%emt 0:02:30]} Bd7 {[%emt 0:02:00]} 16. Qxf4 {[%emt 0:04:30]} Nxc4 {[%emt 0:00:30]} 17. Bxc4 {[%emt 0:02:30]} Bxd4 {[%emt 0:00:00]} 18. Qd2 {[%emt 0:02:30]} Bh8 {[%emt 0:15:00]} 19. h5 {[%emt 0:02:30]} b5 {[%emt 0:00:00]} 20. hxg6 {[%emt 0:07:30]} fxg6 {[%emt 0:01:00]} 21. Qh2 {[%emt 0:12:30]} Rf7 {[%emt 0:00:30]} 22. Bb3 {[%emt 0:04:30]} Qxg5 {[%emt 0:01:30]} 23. Ke2 {[%emt 0:03:30]} b4 {[%emt 0:00:30]} 24. Na4 {[%emt 0:00:30]} Bb5+ {[%emt 0:00:30]} 25. Ke1 {[%emt 0:05:30]} Qe3+ {[%emt 0:01:30]} 26. Kd1 {[%emt 0:00:30]} Qxf3+ {[%emt 0:00:30]} 27. Kc1 {[%emt 0:02:30]} Be5 {[%emt 0:02:30]} 28. Qh4 {[%emt 0:03:30]} Bf4+ {[%emt 0:02:30]} 0-1